Business statistics : a first course

Αποθηκεύτηκε σε:
Λεπτομέρειες βιβλιογραφικής εγγραφής
Κύριος συγγραφέας: Berenson, Mark L.
Άλλοι συγγραφείς: Levine, David M. 1946-
Μορφή: Βιβλίο
Γλώσσα:English
Δημοσίευση: Upper Saddle River, New Jersey : Prentice Hall, c1998
Θέματα:
Ετικέτες: Προσθήκη ετικέτας
Δεν υπάρχουν, Καταχωρήστε ετικέτα πρώτοι!

MARC

LEADER 00000nam a2200000 i 4500
001 1/94236
008 991126s1998 eng d
020 |a 0-13-744178-9 (fd) 
020 |a 0-13-646043-7 
035 |l 10054725 
040 |a GR-MY-UA  |b gre  |e aacr 
041 0 |a eng 
082 0 |a 519.5 
100 1 |a Berenson, Mark L. 
245 1 0 |a Business statistics :  |b a first course /  |c Mark L. Berenson, David M. Levine 
260 |a Upper Saddle River, New Jersey :   |b Prentice Hall,   |c c1998 
300 |a xvi, 592 p. (in various paging)  |e 1 computer disk 3 1/2 in. 
504 |a Includes index 
650 0 0 |a Commercial statistics. 
650 0 0 |a Industrial management  |x Statistical methods. 
700 1 |a Levine, David M.  |d 1946- 
852 |a INST  |b CHIOS  |e 19991126  |h 519.5 BER  |p 005200019532  |q 005200019532  |t BK  |y 0 
852 |a INST  |b CHIOS  |e 19991202  |h 519.5 BER   |p 005200019533  |q 005200019533  |t BK  |y 0 
901 |a BIBL2-1999-3 
909 |a Χ  |b 070170 
909 |a Χ  |b 070171 
922 |a 2ΕΛΗ  |b 199911  |c ΤΝΕΥ  |d ΠΑΠΑΣΩΤΗΡΙΟΥ 
950 |a 125-1999-07-15 
970 |a ΣΠΕΝΤΖΑ  |b ΕΛΕΝΗ  |z 1999/12/02